Estudio de parámetros eléctricos y armónicos de la red eléctrica de la industria textil validos S.A
El presente estudio de parámetros eléctricos y armónicos fue realizado en la industria textil S.A ubicada en san marcos Carazo con la finalidad de realizar un diagnóstico actual del sistema eléctrico y recomendar soluciones a los problemas presentados en la red.
| Main Authors: | , |
|---|---|
| Other Authors: | |
| Format: | Tesis Section = Libro |
| Language: | Undetermined Spanish |
| Published: |
Managua
UNI
2017
|
| Subjects: |
| LEADER | 01185nam a2200289Ia 4500 | ||
|---|---|---|---|
| 008 | 240830s9999 xx 000 0 und d | ||
| 040 | |a BIBLIOTECA-RUSB/ Mon 621.37 M296 | ||
| 041 | |a spa | ||
| 082 | |a Mon 621.37 M296 | ||
| 100 | 1 | |a Manzanares Araica, Mauricio Antonio | |
| 100 | 1 | |b Torrez Bermúdez, Edwin José | |
| 245 | 1 | 0 | |a Estudio de parámetros eléctricos y armónicos de la red eléctrica de la industria textil validos S.A |
| 260 | |a Managua |b UNI |c 2017 | ||
| 300 | |a 69 p. :il. | ||
| 500 | |a Contiene: anexos. | ||
| 502 | |a Tesis (Ingeniero Eléctrico) - UNI, 2017. | ||
| 520 | 3 | |a El presente estudio de parámetros eléctricos y armónicos fue realizado en la industria textil S.A ubicada en san marcos Carazo con la finalidad de realizar un diagnóstico actual del sistema eléctrico y recomendar soluciones a los problemas presentados en la red. | |
| 650 | 7 | |a SISTEMA ELECTRICO | |
| 650 | 7 | |b RED ELECTRICA | |
| 650 | 7 | |c ENERGIA ELECTRICA- MEDICION | |
| 650 | 7 | |d INSTALACIONES ELECTRICAS | |
| 650 | 7 | |e CONSUMO ENERGETICO | |
| 650 | 7 | |f NORMAS ELECTRICAS | |
| 700 | 1 | |a Tutor: |b González Mena, Juan | |
| 942 | |c BK |2 ddc | ||
| 991 | |a TESIS | ||
| 999 | |c 20222 | ||